Gdzie zatrzymują się autobusy? - Statystyki

Ogólne statystyki
  • Ten quiz został rozwiązany 18 razy
  • Średni wynik to 2 z 5
Statystyki odpowiedzi
Hint Odpowiedź % Poprawnych
1. Na przystanku
94%
2. Na pętli
76%
3. W zajezdni
29%
4. W korku
24%
5. W zatoczce
18%
Nie znaleziono quizów pasujących do podanych kryteriów
Rozkład punktacji
Procent ludzi z każdym wynikiem
Percentyl według liczby udzielonych odpowiedzi
Twoja historia wyników
Nie rozwiązałeś tego quizu